Statistiques concernant Célébrités décédées en 2018

Cliquez ici pour prendre le quiz!

Statistiques générales

  • Ce quiz a été pris 127 fois
  • Le résultat moyen est 8 sur 20

Statistiques - réponses

Réponse% Correct
Charles Aznavour
87%
XXXTentacion
71%
Paul Bocuse
68%
Avicii
66%
France Gall
64%
George H. W. Bush
62%
Maurane
55%
Stephen Hawking
55%
Pierre Bellemare
46%
Stan Lee
39%
Mac Miller
37%
Aretha Franklin
35%
Jacques Higelin
29%
Philippe Gildas
25%
Joël Robuchon
24%
Serge Dassault
23%
Robert Faurisson
17%
Dolores O’Riordan
15%
Katherine MacGregor
2%
Yves Afonso
2%

Distribution des résultats

Percentile par nombre de réponses

% des personnes avec chaque résultat

Votre développement - résultats

Vous n’avez pas pris ce quiz